|
|
|
|
| LEADER |
00000nam a2200000 a 4500 |
| 001 |
vtls001434214 |
| 003 |
SK-MaSNL |
| 005 |
20260301190622.0 |
| 008 |
240314sm y0 xo 0 und |
| 035 |
|
|
|a SNK000389289
|
| 040 |
|
|
|a SNK
|b slo
|c SNK
|e AACR2
|
| 044 |
|
|
|a xo
|c SK
|
| 100 |
1 |
|
|a Phillipps, Thomas
|4 aut
|9 566100
|
| 245 |
1 |
0 |
|a Deriváty 7-izoindolinyl-chinolónu a 7-izoindolinyl-naftyridónu, spôsob ich výroby, medziprodukty tohto spôsobu, použitie a farmaceutický prostriedok. C07D 401/04
|
| 260 |
|
|
|a Banská Bystrica
|b Úrad priemyselného vlastníctva SR
|c 2002
|
| 300 |
|
|
|c 38 s.
|
| 999 |
|
|
|c 868179
|d 870109
|
| 952 |
|
|
|t P60, <04>, [BOOK], {604}
|a SNK
|b SNK
|y VYP
|7 0
|p 17A0343270
|o snkSP 282274
|i snkPS 68/2002
|0 0
|1 0
|4 0
|d 2002-05-16
|l 0
|r 2005-01-02 00:00:00
|w 2026-02-24
|